000 01002 a2200229 4500
001 44922
005 20260407155724.0
008 260407a1993 arg spa d
003 AR-UNSa-BCEJYS
040 _aAR-UNSa-BCEJYS
_bspa
_cAR-UNSa-BCEJYS
080 _a330.34
_xDesarrollo Económico
245 1 0 _aInforme sobre el desarrollo mundial 1993
_pinvertir en salud
020 _a0-8213-2361-X
264 1 _aWashington :
_bBanco Mundial
_c1993
300 _axii, 335 p.
_c27 cm.
505 _a1. La salud en los países en desarrollo: éxitos y retos a enfrentar – 2. Las unidades familiares y la salud – 3. El papel de los gobiernos y los mercados en el sector de salud – 4. Salud pública – 5. Servicios clínicos – 6. Recursos para salud – 7. Programa de acción -
041 _aspa
942 _cBK
590 _aniveau_biblio:m niveau_hierar:0
100 1 _aBanco Mundial
856 4 1 _uhttps://www.biblioeco.unsa.edu.ar/pmb/images/libros/L127045.jpg
_yImagen de portada
_qimage/jpeg
999 _c3861
_d3861